[Event "FRA-ch op-C"]
[Site "Nancy"]
[Date "2013.08.17"]
[Round "6"]
[White "Delmotte, Alexandre"]
[Black "Lafortune, Emerick"]
[Result "1-0"]
[WhiteElo "1667"]
[BlackElo "1728"]
[PlyCount "51"]
[EventDate "2013.08.11"]
[EventType "swiss"]
[EventRounds "11"]
[EventCountry "FRA"]
[SourceTitle "CBM 156 Extra"]
[Source "ChessBase"]
[SourceDate "2013.10.22"]
[SourceVersion "1"]
[SourceVersionDate "2013.10.22"]
[SourceQuality "1"]

1. d4 c5 2. d5 Nf6 3. Nc3 d6 4. g3 g6 5. Bg2 Bg7 6. e4 0-0 7. Nf3 Na6 8. 0-0 Nc7 9. a4 a6 10. Nd2 b6 11. h3 Rb8 12. f4 b5 13. axb5 axb5 14. Kh2 e6 15. dxe6 Bxe6 16. Qf3 b4 17. Nd1 Nb5 18. c3 Qc7 19. f5 Bd7 20. Qd3 Bc6 21. Re1 Rfe8 22. Ne3 bxc3 23. bxc3 Nd7 24. Bb2 Be5 25. Ndc4 Nf6 26. Nxe5 1-0